Word Ladder: Great Outdoors Quiz Stats

 Plays Quiz Updated Jul 15, 2016

Challenge
Share
Tweet
Embed
Score 0/14 Timer 02:00
0 Plays Today
Hint 4-Letter Word % Correct
A taxi chargeFARE
96.5%
★ Pinocchio material ★★ WOOD ★
96.4%
A basic dictionary entry; Microsoft productWORD
94.2%
★ A collapsible canvas shelter ★★ TENT ★
93.7%
Take care of a gardenTEND
92.8%
★ Prometheus' gift to man ★★ FIRE ★
86.7%
S'mores or gorp, e.g.FOOD
86.3%
Hint 4-Letter Word % Correct
Repel or ward off, like a blow with 'off'FEND
86%
Modeled; Became tatteredWORE
84.8%
To send via Western UnionWIRE
84.8%
Loving or affectionateFOND
84.6%
Attention to detail or heedfulnessCARE
74.2%
To grouse or find faultCARP
59.9%
★'Friday the 13th' setting ★★ CAMP ★
57.5%

Today's Daily Dose

You're not logged in!

Compare scores with friends on all Sporcle quizzes.
Join for Free
OR
Log In

You Might Also Like...

Show Comments

Extras

Top Quizzes Today


Score Distribution

Your Account Isn't Verified!

In order to create a playlist on Sporcle, you need to verify the email address you used during registration. Go to your Sporcle Settings to finish the process.

Report this User

Report this user for behavior that violates our Community Guidelines.

Details: